Представление документа в формате MARC21

Поле Инд. ПП Название Значение
Тип записи a
Библиографический уровень m
001 Контрольный номер RU\PRLLer\books58004
005 Дата корректировки 20150513113625.0
020 a ISBN 978-5-16-003456-0 (ИНФРА-М)
020 a ISBN 978-5-98209-034-8 (КОНТРАКТ)
040 a Служба первич. каталог. Кемеровская ОНБ
c Служба, преобразующая запись Кемеровская ОНБ
d Организация, изменившая запись НБ ТвГУ
e Правила каталог. rcr
041 a Код языка текста rus
080 a Индекс УДК 343.3/.7(470)(075.8)
084 a Индекс другой классификации/Индекс ББК Х408.1я73-1
090 a Полочн. индекс Х408.1
x Авторский знак У 26
245 a Заглавие Уголовное право Российской Федерации. Особенная часть
b Продолж. заглавия учебник : для студентов вузов, обучающихся по специальности 021100 "Юриспруденция"
c Ответственность под ред. Л. В. Иногамовой-Хегай, А. И. Рарога, А. И. Чучаева; Моск. гос. юрид. акад.
250 a Основные сведения об издании Изд. 2-е, испр. и доп.
260 a Место издания Москва
b Издательство ИНФРА-М
b Издательство КОНТРАКТ
c Дата издания 2009
300 a Объем 793 с.
c Размеры 22 см
440 a Серия Высшее образование
504 a Библиография Библиогр. в подстроч. прим.
520 a Аннотация Предлагаемый Учебник подготовлен профессорско-преподавательским коллективом кафедры уголовного права Московской государственной юридической академии при информационной поддержке справочно-поисковои системы КонсультантПлюс. Он отражает состояние уголовного законодательства и учитывает изменения и дополнения, внесенные в Уголовный кодекс РФ Федеральным законом от 13 мая 2008 г. № 66-ФЗ.
У чебник предназначен для студентов, аспирантов и преподавателей высших юридических учебных заведений, а также для использования работниками суда, прокуратуры, МВД России, органов следствия, дознания и юстиции.
Н ормативные акты приводятся по состоянию на 13 мая 2008 г.
650 a Основная рубрика Уголовное право
x Основная подрубрика Особенная часть
x Основная подрубрика Учебники для вузов
z Географическая подрубрика Российская Федерация
653 a Ключевые слова Особенная часть уголовного права
a Ключевые слова Право
a Ключевые слова Уголовное право России
700 1_ a Другие авторы Грачева Юлия Викторовна
c Титул (звание) юрист
q Полное имя Грачева, Ю. В.
700 1_ a Другие авторы Ермакова Л. Д.
c Титул (звание) юрист
q Полное имя Ермакова, Л. Д.
700 1_ a Другие авторы Есаков Геннадий Александрович
q Полное имя Есаков, Г. А.
700 1_ a Другие авторы Иногамова-Хегай Людмила Валентиновна
q Полное имя Иногамова-Хегай, Л. В.
700 1_ a Другие авторы Рарог Алексей Иванович
q Полное имя Рарог, А. И.
700 1_ a Другие авторы Чучаев Александр Иванович
q Полное имя Чучаев, А. И.
920 a Оператор Стру
930 a Новая/Ретро учебники
952 c Вид литературы К ру
954 a Дата поступления на обработку 20100220